| 000 | 00815cab a2200241 4500 | ||
|---|---|---|---|
| 001 | ABS55118 | ||
| 008 | 090401t1996 xxu||||| |||| 00| 0 eng d | ||
| 035 | _a(Sirsi) u14339 | ||
| 041 | _aeng | ||
| 100 | _aStungo, N. | ||
| 245 | _aTerraced housing | ||
| 260 | _c1996 | ||
| 350 | _a0 | ||
| 490 |
_aRIBA Journal _v103(6) June 1996, 40-47(8) |
||
| 520 | _aProctor Matthews Architects` terraced housing building project in Tower Hamlets, east London providing eleven good quality family houses. It is part of an urban regeneration programme to develop formerly vacant sites. | ||
| 650 | _aBUILT ENVIRONMENT-BUILDING COSTS | ||
| 650 | _aBUILDING PROJECTS | ||
| 650 | _aEAST END OF LONDON | ||
| 650 | _aTERRACED HOUSING | ||
| 690 | _aBUILDING AND CONSTRUCTION-PROJECTS | ||
| 942 | _n0 | ||
| 948 | _c04/03/1997 | ||
| 999 |
_c9326 _d9326 |
||